| 000 | 00873nam a22002537a 4500 | ||
|---|---|---|---|
| 005 | 20240530110406.0 | ||
| 008 | 150203s2010 ua g 000 0 ara d | ||
| 017 |
_a2008/24480 _bمصر . دار الكتب المصرية |
||
| 020 | _a9773682439 | ||
| 040 | _aEG-CaGPL | ||
| 041 | 0 | _aara | |
| 082 | 0 | 4 |
_221 _a415.1\ _bم ع |
| 100 | 0 | _bمحسن محمد معالى | |
| 245 | 1 | 2 |
_aالعوامل النحوية للجرجانى : _bتحقيق و شرح / _cمحسن محمد معالى |
| 250 | _aط 2 | ||
| 260 |
_aالاسكندرية : _bمؤسسة حورس الدولية للنشر و التوزيع ، _c2010 |
||
| 300 |
_a171 ص ؛ _c24 سم |
||
| 600 | 0 | _aالجرجانى | |
| 650 | 0 | 4 | _aالنحو |
| 650 | 0 | 4 |
_aاللغة العربية _xالنحو |
| 650 | 0 | 4 |
_aاللغة _xعلم |
| 942 |
_2ddc _cBK |
||
| 999 |
_c60367 _d60367 |
||